Sub Presidio ... Publicae Disquisitioni exposuit ... Franciscus Josephus Arnolt de Dobroslau, Patritius Pragensis ... Anno MDCCXXVIII. ... Disputatio Canonico-Civilis de Foro Competente ...

Main Author: Neumann de Buchholtz, Wenceslaus Xaverius
Other Authors: Arnolt de Dobroslau, Franciscus Josephus
Language: Latin
Published: Vetero-Pragae : Joannes Wenceslaus Helm, 1727
Physical Description: [1], a-d2, A-U2 [= 49] listů ; 2°
Book
Saved in:
LEADER 01146nam a22003017a 4500
001 mzk03001173602
003 CZ BrMZK
005 20111220115101.0
007 ta
008 051021s1727 xr f fr|||||00| ||latod
040 |a BOA001  |b cze  |c BOA001 
072 7 |a 094  |x Staré tisky  |2 Konspekt  |9 12 
080 |a (0.068)094  |2 MRF 
100 1 |a Neumann de Buchholtz, Wenceslaus Xaverius  |4 aut 
245 1 0 |a Sub Presidio ... Publicae Disquisitioni exposuit ... Franciscus Josephus Arnolt de Dobroslau, Patritius Pragensis ... Anno MDCCXXVIII. ... Disputatio Canonico-Civilis de Foro Competente ... 
260 |a Vetero-Pragae :  |b Joannes Wenceslaus Helm,  |c 1727 
300 |a [1], a-d2, A-U2 [= 49] listů ;  |c 2° 
655 7 |a staré tisky  |7 fd422076  |2 czenas 
700 1 |a Arnolt de Dobroslau, Franciscus Josephus  |4 aut 
903 |a RP 
910 |a ZNE450  |b ZD-12.II.6 
978 |b Helm, Jan Václav  |a Praha  |c 1727 
984 |a Praha  |b Česko 
985 |a 1701-1750 
990 |a BK 
991 |k znojmo 
980 |g ZD-12.II.6  |1 461030003004 
996 6 |b 461030003004  |c ZD-12.II.6  |l stud. ST  |r Sklad / do násl. otevíracího dne  |n 0  |w 001742307  |u 000010  |a 1  |e BOA001  |s P